Návrh opatrení na zlepšenie využitia marketingových aktivít na podporu budovania značky v podniku Lignofer spol. s r.o., Trnava

Guardado en:
Detalles Bibliográficos
Autor principal: Baričičová, Slávka, 1973- (Autor)
Otros Autores: Prajová, Vanesa (Orientador)
Formato: Manuscrito Libro
Lenguaje:eslovaco
Publicado: Trnava : STU v Bratislave MTF UPMK, 2014
Materias:
Acceso en línea:VAIS
Etiquetas: Agregar Etiqueta
Sin Etiquetas, Sea el primero en etiquetar este registro!

MARC

LEADER 00000ntm a22000003a 4500
001 stu293176
005 20150617230319.4
008 140708s2014----xo------------------slo-d
040 |a STU  |b slo 
041 0 |a slo 
044 |a xo 
100 1 |a Baričičová, Slávka,  |d 1973-  |4 aut  |u M  |T MTF Materiálovotechnologická fakulta  |X 1472  |U M  |Y 60  |7 A000001472 
242 0 0 |a Proposal of Measures to Improve the Deployment of Marketing Activities Orientated on Support of the Trademark Promotion in the Company LIGNOFER spol. s r.o., Trnava  |y eng 
245 1 |a Návrh opatrení na zlepšenie využitia marketingových aktivít na podporu budovania značky v podniku Lignofer spol. s r.o., Trnava 
260 |a Trnava :  |b STU v Bratislave MTF UPMK,  |c 2014 
300 |a 53s  |c CD 
650 7 |a priemyselné manažérstvo  |2 stusub 
650 7 |a Industrial Management  |2 estusub 
650 7 |a promotion  |2 estusub 
650 7 |a marketing mix  |2 estusub 
650 7 |a marketing  |2 estusub 
650 7 |a značka  |2 stusub 
650 7 |a marketingová komunikácia  |2 stusub 
650 7 |a marketingový mix  |2 stusub 
650 7 |a marketingové aktivity  |2 stusub 
700 1 |a Prajová, Vanesa  |4 ths  |u M4000  |U MTF Materiálovotechnologická fakulta  |T MTF Ústav priemyselného inžinierstva a manažmentu  |X 47651  |U M4000  |Y 84  |7 A000047651 
856 4 |a info a plný text  |u http://is.stuba.sk/zp/portal_zp.pl?podrobnosti=93134  |3 VAIS 
996 |c M*BP-6937  |l MMSKP  |s P  |a 0  |w stu293176_0001